000 00612nam a2200205 i 4500
001 67406
003 ES-MaACL
005 20250730172204.0
007 t|
008 040525s2001 sp ||||1| spa d
020 _a84-226-8974-X
080 _a811.134.2
245 0 3 _aEl español en el mundo
_b: anuario del Instituto Cervantes 2001.
260 _aMadrid :
_bInstituto Cervantes ;
_aBarcelona :
_bCírculo de Lectores,
_c2001.
300 _a357 p. ;
_c25 cm.
650 1 7 _aLengua española
_2embne
_914115
710 2 _aInstituto Cervantes.
_94811
852 _aES-MaACL
_jL-27692
999 _c67406
_d67406